000 00633nam a22002057a 4500
005 20251108174715.0
008 250721s2009 xx 000 0 eng d
082 1 4 _aWB/333.792/GAS
100 1 _aGassner, Katharina
245 1 0 _aDoes Private Sector Participation Improve Performance in Electicity and Water Distribution? /
264 1 _aWashington :
_bThe International Bank,
_c2009.
300 _a98P.
490 0 _aTHE WORLD BANK
500 _aINCLUDES BIBLIOGRAPHICAL REFERENCES AND INDEX
650 1 7 _aPUBLIC UTILITIES
650 1 7 _aELECTRIC UTILITIES
650 1 7 _aWORLD BANK
942 _2ddc
_cBK
999 _c115970
_d115970